Odgadnij Klub Zawodnika Przed Transferem Poziom:Trudny - Statystyki

Ogólne statystyki
  • Ten quiz został rozwiązany 98 razy
  • Średni wynik to 11 z 16
Statystyki odpowiedzi
Zawodnik Klub Po Transferze Klub Przed Transferem % Poprawnych
Grzegorz Krychowiak Lokomotiv Moskwa PSG
96%
Olivier Giroud Chelsea Arsenal
94%
Riyad Mahrez Manchester City Leicester City
82%
Rodrigo Moreno Leeds United Valencia
78%
Leon Goretzka Bayern Monachium Schalke
76%
Marcos Llorente Atletico Madryt Real Madryt
75%
Sébastien Haller Ajax Amsterdam West Ham
75%
Nabil Fekir Real Betis Olympique Lyon
74%
Aaron Wan-Bissaka Manchester United Crystal Palace
70%
Timothy Fosu-Mensah Bayer Leverkusen Manchester United
67%
Lucas Digne Everton FC Barcelona
66%
Danny Ings Southampton Liverpool
63%
Alexander Isak Real Sociedad Borussia Dortmund
62%
Clement Lenglet FC Barcelona Sevilla
53%
Kostas Tsimikas Liverpool Olympiakos
44%
Nicolas Pepe Arsenal LOSC Lille
39%
Nie znaleziono quizów pasujących do podanych kryteriów
Rozkład punktacji
Procent ludzi z każdym wynikiem
Percentyl według liczby udzielonych odpowiedzi
Twoja historia wyników
Nie rozwiązałeś tego quizu